| 000 | 01217cam a22002295a 4500 | ||
|---|---|---|---|
| 001 | L158127 | ||
| 008 | 121121s2014 xxko f 000 0 eng d | ||
| 020 | _a9781848063761 | ||
| 035 | _a(Sirsi) u158127 | ||
| 041 | 0 | _aeng | |
| 100 | 1 | _aTaylor, Tom | |
| 245 | 0 | 4 |
_aDelivering water efficiency in commercial buildings _ba guide for facilities managers |
| 260 |
_aWatford _bBRE _c2014 |
||
| 300 |
_a8p. _bill. _c30cm. |
||
| 490 | 0 |
_aBRE Information Paper _v(6/14) |
|
| 520 | _aProvides targeted guidance on how to deliver water efficiency savings through improved facilities management. In addition to alleviating pressure on water resources, reducing demand through improving water efficiency and sourcing water from alternative supplies (where possible) will also help to improve resilience by making a building less susceptible to water shortages, and help to cut running costs by reducing water, waste water and energy bills. Provides an overview of how to determine water consumption, establish a building's water efficiency performance, and how to identify causes of poor water efficiency. | ||
| 521 | _aAdvanced | ||
| 590 | _aKA | ||
| 651 | 4 |
_aUnited Kingdom _y |
|
| 690 |
_aUtilities _96272 |
||
| 942 | _n0 | ||
| 999 |
_c115158 _d115158 |
||